| 000 | 01906mam a22003494a 4500 | ||
|---|---|---|---|
| 001 | 3382098 | ||
| 003 | NUST - PNEC | ||
| 005 | 20170116181117.0 | ||
| 008 | 020618s2003 njua b 001 0 eng | ||
| 010 | _a 2002026369 | ||
| 015 | _aGBA3-01887 | ||
| 020 | _a0471413895 (cloth : alk. paper) | ||
| 020 | _a0471389374 (WIE) | ||
| 035 | _a(OCoLC)ocm50041632 | ||
| 040 |
_aDLC _cLIBRARY _dUKM _dOrLoB-B |
||
| 042 | _apcc | ||
| 050 | 0 | 0 |
_aTS177 _b.F324 2003 |
| 082 | 0 | 0 |
_a725.4 TOM _221 |
| 100 |
_913279 _aTompkins, James A. |
||
| 245 | 0 | 0 |
_aFacilities planning / _cJames A. Tompkins |
| 250 | _a3rd ed. | ||
| 260 |
_aHoboken, NJ : _bJ. Wiley, _cc2003. |
||
| 300 |
_ax, 750 p. : _bill. ; _c26 cm. |
||
| 504 | _aIncludes bibliographical references and index. | ||
| 505 | 0 | 0 |
_gPt. 1. _tDefining Requirements -- _gCh. 1. _tIntroduction -- _gCh. 2. _tProduct, Process, and Schedule Design -- _gCh. 3. _tFlow, Space, and Activity Relationships -- _gCh. 4. _tPersonnel Requirements -- _gPt. 2. _tDeveloping Alternatives: Concepts and Techniques -- _gCh. 5. _tMaterial Handling -- _gCh. 6. _tLayout Planning Models and Design Algorithms -- _gPt. 3. _tFacility Design for Various Facilities Functions -- _gCh. 7. _tWarehouse Operations -- _gCh. 8. _tManufacturing Systems -- _gCh. 9. _tFacilities Systems -- _gPt. 4. _tDeveloping Alternatives: Quantitative Approaches -- _gCh. 10. _tQuantitative Facilities Planning Models -- _gPt. 5. _tEvaluating, Selecting, Preparing, Presenting, Implementing, and Maintaining -- _gCh. 11. _tEvaluating and Selecting the Facilities Plan -- _gCh. 12. _tPreparing, Presenting, Implementing, and Maintaining the Facilities Plan. |
| 650 | 0 |
_aFactories _xDesign and construction. |
|
| 650 | 0 |
_aFacility management. _xMIS |
|
| 700 | 1 | _aTompkins, James A. | |
| 856 | 4 | 1 |
_3Table of contents _uhttp://www.loc.gov/catdir/toc/wiley023/2002026369.html |
| 900 | _bTOC | ||
| 942 |
_2ddc _cBK |
||
| 999 |
_c69389 _d69389 |
||